000 00266nam a2200097Ia 4500
008 190216s9999||||xx |||||||||||||| ||und||
100 _aNarendra K Kulshrestha
245 0 _aTheory And Practice Of Management Accounting
260 _bNavman Prakashan
_c1976
942 _cBK
999 _c4108
_d4108